Teoría de máquinas y mecanismos

Enregistré dans:
Détails bibliographiques
Auteurs principaux: Shigley, Joseph Edward (Auteur), Uicker, John Joseph (Auteur)
Format: Livre
Langue:espagnol
Publié: Ciudad de México McGraw-Hill 1988
Sujets:
Tags: Ajouter un tag
Pas de tags, Soyez le premier à ajouter un tag!

MARC

LEADER 00000nam a2200000 a 4500
001 UCZ8964
003 CL-VaPUC
008 960126e19880000MX |||||||||||||||||spa|d
082 0 4 |a 621.8  |b SHI  |2 21 
100 0 |a Shigley, Joseph Edward  |e author  |9 354251 
700 0 |a Uicker, John Joseph  |e author  |9 354252 
245 1 0 |a Teoría de máquinas y mecanismos 
300 |a 613 p 
942 |c BK 
945 |d 19960126 00:00:00  |a rleighto 
260 |a Ciudad de México  |b McGraw-Hill  |c 1988 
650 0 |a Mecánica   |9 260096 
650 0 |a Velocidad  |9 311814 
650 0 |a Aceleración  |9 348443 
650 0 |a Cinemática  |9 260942 
650 0 |a Engranajes   |9 271783 
650 0 |a Fuerza  |9 345825 
650 0 |a Dinámica  |9 260136 
583 |a last modification  |c 19960126 00:00:00  |k Rodrigo Vera 
999 |c 244633  |d 244631 
952 |0 0  |1 0  |4 0  |6 621_800000000000000_SHI_1988  |7 0  |8 A  |9 258774  |a BIBING  |b BIBING  |d 2019-11-19  |i 3172155  |o 621.8 SHI 1988  |p 3172155  |r 2025-01-20  |w 2019-11-19  |y BK  |k EIE 
952 |0 0  |1 0  |4 0  |6 621_800000000000000_SHI_1988  |7 0  |8 A  |9 258775  |a BIBMEC  |b BIBMEC  |d 2019-11-19  |i 2981637  |o 621.8 SHI 1988  |p 2981637  |r 2024-01-19  |w 2019-11-19  |y BK  |k MEC 
952 |0 0  |1 0  |4 0  |6 621_800000000000000_SHI_1988  |7 0  |8 A  |9 258776  |a BIBMEC  |b BIBMEC  |d 2019-11-19  |i 3685071  |o 621.8 SHI 1988  |p 3685071  |r 2024-01-19  |w 2019-11-19  |y BK  |k MEC